| 000 | 00533nam a2200181 a 4500 | ||
|---|---|---|---|
| 001 | 000013056 | ||
| 005 | 20200929163128.0 | ||
| 008 | 091119s1969 ve 001 j spa d | ||
| 040 |
_aDO-SdBNP _bspa _cBNPHU |
||
| 082 |
_aV863.44 _bG914c |
||
| 100 | 1 |
_aGuaramato, Oscar, _d1916- _930176 |
|
| 245 | 1 | 0 |
_aCuentos en tono menor / _cOscar Guaramato. |
| 260 |
_aCaracas : _bMonte Ávila, _c1969. |
||
| 300 |
_a103, [2] ; _c19 cm. |
||
| 650 | 4 |
_aCuentos venezolanos _93815 |
|
| 650 | 4 |
_aLiteratura venezolana _ySIGLO XX _99777 |
|
| 049 | _aBNGR | ||
| 999 |
_c12698 _d12698 |
||